|
|
|
|
| LEADER |
00679nam a22002292a 4500 |
| 001 |
001775178 |
| 003 |
CZ BrMZK |
| 005 |
20201102111511.0 |
| 007 |
ta |
| 008 |
201102s1977 xo er|||||||||||hun d |
| 040 |
|
|
|a BOA001
|b cze
|
| 041 |
1 |
|
|a hun
|h slo
|
| 100 |
1 |
|
|a Válek, Miroslav,
|d 1927-1991
|7 jn19990209975
|4 aut
|
| 245 |
1 |
0 |
|a Válogatott versek /
|c Miroslav Válek
|
| 250 |
|
|
|a 2. javított kiadás
|
| 260 |
|
|
|a Bratislava :
|b Madách,
|c 1977
|
| 300 |
|
|
|a 122 s. ;
|c 8°
|
| 500 |
|
|
|a Přeloženo ze slovenštiny
|
| 910 |
|
|
|a BOA001
|b 3-0781.727
|
| 990 |
|
|
|a BK
|
| 991 |
|
|
|b 202010
|
| 996 |
7 |
|
|b 2618701425
|c 3-0781.727
|l MZK
|r Sklad / do 1 hodiny
|n 0
|w 001832880
|u 000010
|a 1
|e BOA001
|j MZK50
|s A
|